Flughafencodes #4 - Statistiken

Allgemein
  • Dieses Quiz wurde 56 mal gespielt
  • Das Durchschnittsergebnis liegt bei 13 aus 15
Antwortstatistiken
Hint Antwort % Korrekt
Bogota BOG
100%
Lissabon LIS
100%
Manchester MAN
100%
Alicante ALC
98%
Los Angeles LAX
98%
München MUC
98%
Prag PRG
98%
Seattle SEA
98%
Fuerteventura FUE
94%
Hongkong HKG
92%
Vancouver YVR
92%
Köln/Bonn CGN
82%
Rom FCO
71%
Jakarta CGK
63%
Ho-Chi-Minh-Stadt SGN
59%
Keine übereinstimmenden Quizze gefunden
Verteilung der Resultate
Anzahl Personen mit jedem Resultat
Perzentil nach korrekt beantworteten Fragen
Ihre Resultats-Entwicklung
Sie haben dieses Quiz noch nicht gespielt